| 000 | 00906pam a2200301 a 4500 | ||
|---|---|---|---|
| 001 | 2895597 | ||
| 003 | OSt | ||
| 005 | 20141022152941.0 | ||
| 008 | 870723s1988 moua b 001 0 eng c | ||
| 010 | _a 87021987 | ||
| 020 | _a080160530X (pbk.) | ||
| 040 |
_aDNLM/DLC _cDLC _dDLC |
||
| 050 | 0 | 0 |
_aQR181 _b.B28 1988 |
| 060 | _aQW 504 B274t | ||
| 082 | 0 | 0 |
_a616.07/9 _219 |
| 100 | 1 |
_aBarrett, James T., _d1927- _91454 |
|
| 245 | 1 | 0 |
_aTextbook of immunology : _ban introduction to immunochemistry and immunobiology / _cJames T. Barrett. |
| 250 | _a5th ed. | ||
| 260 |
_aSt. Louis : _bMosby, _c1988. |
||
| 300 |
_axvii, 455 p. : _bill. ; _c24 cm. |
||
| 504 | _aIncludes bibliographies and index. | ||
| 650 | 0 |
_aImmunology. _91416 |
|
| 650 | 2 |
_aImmunity. _91455 |
|
| 650 | 2 |
_aImmunochemistry. _91456 |
|
| 650 | 2 |
_aSerology. _91457 |
|
| 906 |
_a7 _bcbc _corignew _d1 _eocip _f19 _gy-gencatlg |
||
| 942 |
_2z _cSLOAN |
||
| 999 |
_c565 _d565 |
||